[Event "Barcelona La Lira op 12th"]
[Site "Barcelona"]
[Date "2019.05.09"]
[Round "5"]
[White "Sumed Castillo, Alejandro"]
[Black "Menarguez Martinez, Jose"]
[Result "0-1"]
[WhiteElo "1474"]
[BlackElo "1704"]
[PlyCount "100"]
[EventDate "2019.04.04"]
[EventType "swiss"]
[EventRounds "9"]
[EventCountry "ESP"]
[SourceTitle "CBM 190 Extra"]
[Source "ChessBase"]
[SourceDate "2019.07.15"]
[SourceVersion "1"]
[SourceVersionDate "2019.07.15"]
[SourceQuality "1"]

1. d4 g6 2. Bf4 Bg7 3. e3 e6 4. Nf3 b6 5. Be2 Bb7 6. 0-0 Ne7 7. c4 d6 8. Nc3 0-0 9. h3 Nd7 10. Rc1 a5 11. b3 Nf5 12. e4 Ne7 13. Qd2 Qe8 14. Bh6 Qd8 15. Bxg7 Kxg7 16. d5 e5 17. Nh2 Ng8 18. f4 f6 19. f5 Nc5 20. Bd1 Bc8 21. Bc2 Bd7 22. Nf3 Be8 23. Ne1 g5 24. Nd3 Na6 25. a3 Bh5 26. Bd1 Qe8 27. Ne2 Nb8 28. b4 Nd7 29. c5 axb4 30. axb4 Ra3 31. cxd6 cxd6 32. Nc3 Bxd1 33. Qxd1 Nb8 34. b5 Rf7 35. Rf2 Rc7 36. Nb1 Rxc1 37. Nxc1 Ra5 38. Nc3 Nd7 39. Nb3 Qa8 40. Nxa5 Qxa5 41. Rf3 Nc5 42. Rg3 Qb4 43. Qa1 Qd4+ 44. Kh2 Nxe4 45. Nxe4 Qxa1 46. Nxd6 Qd4 47. Ne8+ Kf7 48. Nd6+ Ke7 49. Nc8+ Kd7 50. Rg4 e4 0-1

[Event "Barcelona La Lira op 12th"]
[Site "Barcelona"]
[Date "2019.04.11"]
[Round "2"]
[White "Garcia Ruiz, Adrian"]
[Black "Menarguez Martinez, Jose"]
[Result "1-0"]
[WhiteElo "1920"]
[BlackElo "1704"]
[PlyCount "77"]
[EventDate "2019.04.04"]
[EventType "swiss"]
[EventRounds "9"]
[EventCountry "ESP"]
[SourceTitle "CBM 190 Extra"]
[Source "ChessBase"]
[SourceDate "2019.07.15"]
[SourceVersion "1"]
[SourceVersionDate "2019.07.15"]
[SourceQuality "1"]

1. c4 g6 2. d4 e6 3. g3 Bg7 4. Bg2 Ne7 5. Nf3 0-0 6. 0-0 c6 7. Nc3 d5 8. cxd5 cxd5 9. Bf4 a6 10. Rc1 Nbc6 11. Qd2 Nf5 12. e3 Bd7 13. g4 Nh4 14. Nxh4 Qxh4 15. h3 Qd8 16. Rfe1 Qa5 17. Bg3 Rac8 18. a3 b5 19. Bd6 Rfe8 20. Bc5 Bh6 21. b4 Qd8 22. a4 Ne7 23. Ra1 f5 24. axb5 axb5 25. Ra5 Rb8 26. Qe2 f4 27. e4 dxe4 28. Nxe4 Nd5 29. Rea1 Bf8 30. Nd6 Bxd6 31. Bxd6 Rc8 32. Qe5 Rc2 33. Ra8 Rc8 34. R8a7 Rc2 35. Bxd5 exd5 36. Qxd5+ Re6 37. Bxf4 Qf6 38. Rxd7 Rxf2 39. Ra8+ 1-0

[Event "Barcelona Primavera La Lira op 9th"]
[Site "Barcelona"]
[Date "2016.05.05"]
[Round "5"]
[White "Berengeno Vierge, Rodolfo"]
[Black "Menarguez Martinez, Jose"]
[Result "1/2-1/2"]
[WhiteElo "1680"]
[BlackElo "1946"]
[PlyCount "131"]
[EventDate "2016.04.07"]
[EventType "swiss"]
[EventRounds "9"]
[EventCountry "ESP"]
[SourceTitle "CBM 172 Extra"]
[Source "ChessBase"]
[SourceDate "2016.06.21"]
[SourceVersion "1"]
[SourceVersionDate "2016.06.21"]
[SourceQuality "1"]

1. d4 e6 2. Bf4 Ne7 3. h3 d6 4. e3 Ng6 5. Bh2 Be7 6. Bd3 f5 7. Nf3 Nc6 8. c3 a6 9. Nbd2 b5 10. a3 0-0 11. b4 d5 12. a4 bxa4 13. Rxa4 Bb7 14. Nb3 Bd6 15. Nc5 Qc8 16. Bxd6 cxd6 17. Nxb7 Qxb7 18. Qe2 Nb8 19. 0-0 Qc6 20. Ra3 e5 21. Bc2 Qb6 22. Bb3 Ne7 23. dxe5 dxe5 24. Nxe5 Qd6 25. Nf3 Nd7 26. Rd1 Kh8 27. Ra5 Nf6 28. Nd2 Qc6 29. Rc5 Qb6 30. Ra1 Rfd8 31. Rca5 Qc6 32. Qd3 Rac8 33. Rc5 Qb7 34. Rxc8 Rxc8 35. Rxa6 Rxc3 36. Qxc3 Qxa6 37. Qc5 Qa1+ 38. Kh2 Qe5+ 39. g3 h5 40. Qd4 Qb8 41. Qc5 Qe5 42. Qd4 Qe6 43. b5 Nc8 44. f3 Nb6 45. e4 h4 46. e5 hxg3+ 47. Kxg3 Nh5+ 48. Kf2 f4 49. Ke2 Ng3+ 50. Kd3 Qf5+ 51. Ne4 dxe4+ 52. fxe4 Qd7 53. Qxd7 Nxd7 54. e6 Nc5+ 55. Kc3 Ngxe4+ 56. Kd4 Nxb3+ 57. Kxe4 Nc5+ 58. Kxf4 Nxe6+ 59. Ke5 Nc7 60. b6 Na6 61. Kf5 Kh7 62. Kg5 Nb8 63. b7 Nd7 64. h4 Nb8 65. Kh5 Nc6 66. Kg5 1/2-1/2

[Event "Barcelona Primavera La Lira op 7th"]
[Site "Barcelona"]
[Date "2014.06.05"]
[Round "7"]
[White "Menarguez Martinez, Jose"]
[Black "Porta Chicote, David"]
[Result "0-1"]
[WhiteElo "1949"]
[BlackElo "1700"]
[PlyCount "64"]
[EventDate "2014.04.03"]
[EventType "swiss"]
[EventRounds "9"]
[EventCountry "ESP"]
[SourceTitle "EXT 2015"]
[Source "ChessBase"]
[SourceDate "2014.11.20"]
[SourceVersion "1"]
[SourceVersionDate "2014.11.20"]
[SourceQuality "1"]

1. d3 d5 2. Nf3 Nc6 3. Nbd2 Nf6 4. b3 e5 5. Bb2 d4 6. g3 Be6 7. Bg2 Be7 8. 0-0 0-0 9. Ng5 Nd5 10. Ngf3 a6 11. Nc4 f6 12. a3 b5 13. Ncd2 Qd7 14. Qe1 Bc5 15. Ne4 Bb6 16. a4 Ncb4 17. Qc1 c5 18. c3 dxc3 19. Bxc3 Rac8 20. Qb2 Nxc3 21. Nxc3 Nd5 22. Ne4 c4 23. bxc4 bxc4 24. dxc4 Rxc4 25. Ned2 Rxa4 26. Qc2 Rxa1 27. Rxa1 Nb4 28. Qe4 a5 29. Nc4 Bxc4 30. Qxc4+ Kh8 31. Ne1 Rc8 32. Qb3 Qd4 0-1

[Event "Barcelona Primavera La Lira op 7th"]
[Site "Barcelona"]
[Date "2014.05.22"]
[Round "5"]
[White "Menarguez Martinez, Jose"]
[Black "Flores Linan, Josep Luis"]
[Result "0-1"]
[WhiteElo "1949"]
[BlackElo "1859"]
[PlyCount "84"]
[EventDate "2014.04.03"]
[EventType "swiss"]
[EventRounds "9"]
[EventCountry "ESP"]
[SourceTitle "EXT 2015"]
[Source "ChessBase"]
[SourceDate "2014.11.20"]
[SourceVersion "1"]
[SourceVersionDate "2014.11.20"]
[SourceQuality "1"]

1. d3 g6 2. Nd2 Bg7 3. e3 Nf6 4. g3 d5 5. Bg2 e5 6. Ne2 0-0 7. 0-0 c6 8. f4 Qb6 9. d4 exd4 10. exd4 Bg4 11. c3 Re8 12. Nf3 Nbd7 13. h3 Bf5 14. Kh2 Qb5 15. Ne5 Rad8 16. Re1 Ne4 17. Ng1 f6 18. Nxd7 Bxd7 19. Bf1 Qb6 20. Qf3 Re7 21. b4 Rde8 22. Bb2 a5 23. a3 Bf5 24. Re2 Nd6 25. Rxe7 Rxe7 26. Qf2 Qd8 27. Re1 Ne4 28. Qe3 Bf8 29. Qc1 axb4 30. axb4 Qd6 31. Ba3 b5 32. Bb2 Ra7 33. Re2 Bh6 34. Qe3 g5 35. fxg5 Bxg5 36. Qf3 Bg6 37. Rg2 h5 38. Kh1 Nd2 39. Qd1 Be4 40. Qxh5 Qxg3 41. Qg4 Qxg4 42. hxg4 Rh7+ 0-1

[Event "Barcelona Primavera La Lira op 7th"]
[Site "Barcelona"]
[Date "2014.04.10"]
[Round "2"]
[White "Vives Cabau, Jordi"]
[Black "Menarguez Martinez, Jose"]
[Result "1/2-1/2"]
[WhiteElo "2059"]
[BlackElo "1949"]
[PlyCount "73"]
[EventDate "2014.04.03"]
[EventType "swiss"]
[EventRounds "9"]
[EventCountry "ESP"]
[SourceTitle "EXT 2015"]
[Source "ChessBase"]
[SourceDate "2014.11.20"]
[SourceVersion "1"]
[SourceVersionDate "2014.11.20"]
[SourceQuality "1"]

1. f4 e6 2. Nf3 g6 3. b3 Bg7 4. Nc3 Ne7 5. e4 d6 6. Bb2 Nd7 7. Rb1 0-0 8. Be2 a6 9. a4 Nb6 10. 0-0 Bd7 11. d4 Rb8 12. Qe1 Nbc8 13. Nd1 Na7 14. Ne3 Nac6 15. Bd3 Qe8 16. e5 h5 17. h3 Qd8 18. g4 hxg4 19. hxg4 a5 20. g5 Nb4 21. Bc4 Nbd5 22. Bxd5 exd5 23. Qh4 Nf5 24. Nxf5 Bxf5 25. Rf2 Re8 26. Rh2 Qd7 27. Re1 b5 28. axb5 Rxb5 29. Ba3 Rb6 30. exd6 Rxe1+ 31. Qxe1 cxd6 32. Qxa5 Rc6 33. Qa8+ Rc8 34. Qxd5 Qe8 35. Rf2 Be4 36. Qxd6 Bxf3 37. Rxf3 1/2-1/2

[Event "Barcelona La Lira Spring op 1st"]
[Site "Barcelona"]
[Date "2008.04.03"]
[Round "1.17"]
[White "Sanchez Cozar Valero, Juan"]
[Black "Menarguez Martinez, Jose"]
[Result "1-0"]
[WhiteElo "1982"]
[BlackElo "1801"]
[PlyCount "73"]
[EventDate "2008.04.03"]
[EventType "swiss"]
[EventRounds "8"]
[EventCountry "ESP"]
[SourceTitle "EXT 2024"]
[Source "ChessBase"]
[SourceDate "2023.10.10"]
[SourceVersion "1"]
[SourceVersionDate "2023.10.10"]
[SourceQuality "1"]

1. e4 e5 2. Nf3 Nc6 3. Bb5 d6 4. d4 exd4 5. Qxd4 Bd7 6. Bxc6 Bxc6 7. Nc3 h6 8. Bf4 Nf6 9. 0-0-0 g5 10. Bg3 Bg7 11. e5 Nh5 12. Qe3 0-0 13. exd6 Nxg3 14. hxg3 cxd6 15. Nd4 Bxd4 16. Qxd4 Kh7 17. g4 Bxg2 18. Rh2 Bf3 19. Rd3 Bxg4 20. Qxg4 f5 21. Qh5 Qf6 22. Rdh3 Rh8 23. Qxh6+ Qxh6 24. Rxh6+ Kg7 25. Rxh8 Rxh8 26. Rxh8 Kxh8 27. Nb5 f4 28. f3 Kg7 29. Nxd6 b6 30. Nc8 Kf6 31. Kd2 Kf5 32. Nxa7 g4 33. fxg4+ Kxg4 34. Ke2 Kg3 35. Kf1 Kf3 36. a4 Ke3 37. Nc8 1-0